000 00302nam a22001337a 4500
008 180308b xxu||||| |||| 00| 0 eng d
020 _a9780538730990
041 _aeng
080 _a33
100 _a57
101 _aBIZ
245 _aYour career how to make it happen
_cLevitt,J.G
942 _2udc
_cBK
999 _c44508
_d44508